000 01243nam a2200349 i 4500
999 _c15258
_d15258
003 BJBSDDR
005 20230410101854.0
007 ta
008 990615s1972 dr 000 0 spa d
035 _aCSIC000041980
035 _a(ES-MaCSI)000041980MAD01-Aleph
040 _aES-MaCSI
_bspa
_cVL
041 _aspa
050 _a118 F 1931
_bC117i 1972
082 _a016.97293
100 1 _aCabral Mejía, Tobías E.
245 1 0 _aIndice de Clio y del Boletín del Archivo General de la Nación /
_cTobias E. Cabral Mejía.
260 _aSanto Domingo :
_bEditora del Caribe,
_c1972.
300 _a285 p. ;
_c23 cm.
490 1 _aAcademia Dominicana de la Historia ;
_v32
500 _aApéndices
504 1 _aBibliografía e índices
610 1 7 _aRepública Dominicana
_bArchivo General de la Nación
_vIndices
_2CSICAUL
650 4 _97521
_aRevistas dominicanas
_vIndices
651 7 _aClío (Santo Domingo)
_vIndices
_2CSICAUL
651 7 _aRepública Dominicana
_xHistoria
_vBibliografías.
_2CSICAUL
651 4 _aRepública Dominicana
_xHistoria
_vIndices de revistas
_92405
830 _aAcademia Dominicana de la Historia ;
_v32
_97518
942 _2lcc
_cBK